[Event "Titled Tue 24th Jun Late"]
[Site "chess.com INT"]
[Date "2025.06.24"]
[Round "2"]
[White "Gasparyan, Erik R."]
[Black "Arakelyan, Manvel"]
[Result "0-1"]
[WhiteTitle "IM"]
[BlackTitle "FM"]
[WhiteElo "2372"]
[BlackElo "2326"]
[WhiteFideId "13315730"]
[BlackFideId "13317415"]
[EventDate "2025.06.24"]

1. Nf3 c5 2. c4 Nc6 3. g3 g6 4. Bg2 Bg7 5. O-O e5 6. Nc3 Nge7 7. d3 d6 8. a3 a5
9. Bd2 O-O 10. Qc1 Nf5 11. Nd5 Nfd4 12. Qd1 a4 13. e3 Nb3 14. Rb1 Be6 15. Bc3
Rb8 16. Nd2 Nca5 17. Bxa5 Nxa5 18. Qxa4 Nc6 19. b4 cxb4 20. axb4 f5 21. b5 Ne7
22. Nxe7+ Qxe7 23. Bd5 f4 24. exf4 Bxd5 25. cxd5 exf4 26. Qe4 Qg5 27. Qe6+ Kh8
28. Ne4 Qh5 29. Nxd6 Rf6 30. Qd7 Qxd5 31. Rbc1 Qxd6 32. Rc8+ Rxc8 33. Qxc8+ Rf8
34. Qxb7 fxg3 35. hxg3 Bd4 36. Kg2 Qc5 37. f4 Qc2+ 38. Kh3 Qxd3 39. Re1 Bf2 40.
Qh1 Qxg3# 0-1

[Event "Titled Tue 24th Jun Late"]
[Site "chess.com INT"]
[Date "2025.06.24"]
[Round "2"]
[White "Garcia Hernandez, Rebeca"]
[Black "Zeliantsova, Kseniya"]
[Result "1-0"]
[WhiteTitle "WCM"]
[BlackTitle "WFM"]
[WhiteElo "1904"]
[BlackElo "2062"]
[WhiteFideId "5180872"]
[BlackFideId "13512617"]
[EventDate "2025.06.24"]

1. Nf3 Nf6 2. g3 g6 3. Bg2 Bg7 4. O-O O-O 5. c4 d6 6. Nc3 e5 7. d4 Nbd7 8. Qc2
Re8 9. Rd1 c6 10. e4 Qc7 11. h3 Nf8 12. Be3 a5 13. Rac1 Ne6 14. c5 exd4 15. cxd6
Qd8 16. Nxd4 Nxd4 17. Bxd4 Bd7 18. e5 Nd5 19. Nxd5 cxd5 20. f4 Bc6 21. Kh2 f6
22. exf6 Bxf6 23. Bxf6 Qxf6 24. Bxd5+ Bxd5 25. Rxd5 Rac8 26. Qxc8 Rxc8 27. Rxc8+
Kg7 28. d7 Qxb2+ 29. Kg1 Qb1+ 30. Kf2 Qxa2+ 31. Ke3 Qxd5 32. d8=Q Qe6+ 33. Kf3
Qb3+ 34. Ke4 Qe6+ 35. Kd4 Kh6 36. Qg5+ Kg7 37. Rc7+ Kf8 38. Qd8+ Qe8 39. Qxe8+
Kxe8 40. Rxh7 b5 41. Kc5 b4 42. Kb5 b3 43. Kxa5 b2 44. Rb7 1-0

[Event "Titled Tue 24th Jun Late"]
[Site "chess.com INT"]
[Date "2025.06.24"]
[Round "2"]
[White "Leschinsky, Gary"]
[Black "Yanev, Tihomir"]
[Result "1/2-1/2"]
[BlackTitle "IM"]
[WhiteElo "1992"]
[BlackElo "2354"]
[WhiteFideId "30951321"]
[BlackFideId "2910110"]
[EventDate "2025.06.24"]

1. Nf3 d6 2. d4 Nf6 3. c4 Bf5 4. Nc3 g6 5. Qb3 Qc8 6. g3 Bg7 7. Bg2 c6 8. O-O
O-O 9. Re1 Ne4 10. Nh4 Nxc3 11. Nxf5 Qxf5 12. bxc3 Qd7 13. Rb1 b6 14. Qa4 Rc8
15. Ba3 Qc7 16. e4 Nd7 17. f4 e5 18. Rbd1 Rd8 19. dxe5 dxe5 20. Bd6 Qb7 21. Bh3
exf4 22. gxf4 Bxc3 23. Re3 Bg7 24. Red3 Nf6 25. e5 Nh5 26. Bg2 Rac8 27. c5 b5
28. Qe4 f5 29. Qe3 Re8 30. e6 Nf6 31. h3 Qa6 32. e7 Qxa2 33. Ra3 Qc4 34. Rxa7
Ne4 35. Bxe4 fxe4 36. Kh1 Ra8 37. Rxa8 Rxa8 38. Be5 Re8 39. Rd8 Qf7 40. Rxe8+
Qxe8 41. Bxg7 Kxg7 42. Qxe4 Kf7 43. Kh2 Qxe7 44. Qxc6 Qe2+ 45. Kg3 Qe3+ 46. Kg4
h5+ 47. Kg5 Qe7+ 48. Kh6 Qf8+ 49. Kg5 Qd8+ 50. Kh6 Qh8+ 51. Kg5 Qd8+ 52. Kh6
Qh8+ 53. Kg5 Qd8+ 1/2-1/2

[Event "Titled Tue 24th Jun Late"]
[Site "chess.com INT"]
[Date "2025.06.24"]
[Round "2"]
[White "Urbina Perez, Juan Antonio"]
[Black "Shapiro, Daniel"]
[Result "0-1"]
[WhiteTitle "FM"]
[BlackTitle "FM"]
[WhiteElo "2221"]
[BlackElo "2284"]
[WhiteFideId "2217368"]
[BlackFideId "2001780"]
[EventDate "2025.06.24"]

1. e4 c5 2. Nf3 Nc6 3. Bb5 Nf6 4. Bxc6 dxc6 5. e5 Nd5 6. d3 g6 7. Nbd2 Bg7 8.
O-O O-O 9. h3 Nc7 10. Qe2 Ne6 11. Ne4 b6 12. Re1 a5 13. c4 Nd4 14. Nxd4 Qxd4 15.
Bd2 Rd8 16. Bc3 Qd7 17. Rad1 h6 18. Ng3 b5 19. b3 a4 20. d4 Ba6 21. dxc5 Qa7 22.
cxb5 Bxb5 23. Qe3 axb3 24. axb3 Qa3 25. e6 f6 26. Bd4 Qb4 27. h4 h5 28. Ne2 Rd5
29. Nc3 Rf5 30. Nxb5 Qxb5 31. Ra1 Rd8 32. Red1 Rfd5 33. Rd2 Qb4 34. Bc3 Qxb3 35.
Rxd5 Qxd5 36. Re1 Kh7 37. f3 Bh6 38. Qf2 Qd3 39. Ba5 Rd5 40. Bb6 Qd4 41. Kh2
Qxf2 42. Rg1 Qxh4# 0-1

[Event "Titled Tue 24th Jun Late"]
[Site "chess.com INT"]
[Date "2025.06.24"]
[Round "2"]
[White "Vlassov, Nikolai"]
[Black "Xiong, Jeffery"]
[Result "0-1"]
[WhiteTitle "IM"]
[BlackTitle "GM"]
[WhiteElo "2291"]
[BlackElo "2639"]
[WhiteFideId "4103360"]
[BlackFideId "2047640"]
[EventDate "2025.06.24"]

1. e4 c5 2. c3 e6 3. d4 cxd4 4. cxd4 d5 5. e5 Nc6 6. Nc3 Nge7 7. Nf3 Nf5 8. Be3
Be7 9. Bd3 g5 10. O-O h5 11. Bxf5 exf5 12. Nb5 f4 13. Bd2 Bg4 14. h3 a6 15. Nd6+
Bxd6 16. exd6 Qxd6 17. hxg4 hxg4 18. Nxg5 f3 19. Re1+ Kd7 20. Nxf3 gxf3 21. Qxf3
Qh2+ 22. Kf1 Qh1+ 23. Ke2 Rae8+ 24. Kd3 Qh7+ 25. Kc3 Ne7 26. Kb3 Qg6 27. Bb4 Nc6
28. Bc5 Na5+ 29. Kc3 Kc6 30. Bb4 Nc4 31. b3 Nb6 32. Rac1 Kd7 33. Bc5 Kc7 34.
Bxb6+ Kxb6 35. Qxd5 Ka7 36. Kb2 Rxe1 37. Rxe1 Rc8 38. Re7 Rc2+ 39. Ka3 Qb6 0-1

[Event "Titled Tue 24th Jun Late"]
[Site "chess.com INT"]
[Date "2025.06.24"]
[Round "2"]
[White "Shafer, Logan C"]
[Black "Feng, Eric"]
[Result "0-1"]
[WhiteTitle "CM"]
[WhiteElo "2217"]
[BlackElo "2194"]
[WhiteFideId "30993342"]
[BlackFideId "30952590"]
[EventDate "2025.06.24"]

1. e4 c6 2. Nf3 d5 3. d3 Nf6 4. e5 Nfd7 5. d4 e6 6. Bd3 c5 7. c3 Nc6 8. O-O Be7
9. Nbd2 O-O 10. Re1 f6 11. exf6 Bxf6 12. Nf1 cxd4 13. cxd4 Kh8 14. Be3 e5 15.
dxe5 Ndxe5 16. Nxe5 Nxe5 17. Be2 Nc4 18. Bxc4 dxc4 19. Qc2 Qd3 20. Rac1 Qxc2 21.
Rxc2 b5 22. Ng3 Bb7 23. h3 a5 24. a4 b4 25. Rxc4 Bxb2 26. Rc7 Bd5 27. Rd1 Bb3
28. Rb1 Be5 29. Rc5 Ba2 30. Rd1 Rfe8 31. Ne2 Bb3 32. Rb1 Bxa4 33. Nd4 Bf6 34.
Ra1 b3 35. Rxa4 b2 36. Rb5 Reb8 37. Rxb2 Rxb2 38. Nc6 Rb1+ 39. Kh2 Ra1 40. Re4
a4 41. g4 h6 42. Bd4 Bxd4 43. Nxd4 a3 44. Re7 a2 45. Nf5 Rh1+ 46. Kxh1 a1=Q+ 47.
Kh2 Qf6 48. Re3 Qc6 49. Ng3 Ra1 50. Rd3 Ra2 51. Re3 Rxf2+ 0-1

[Event "Titled Tue 24th Jun Late"]
[Site "chess.com INT"]
[Date "2025.06.24"]
[Round "2"]
[White "Ribeiro, Gustavo"]
[Black "Tari, Aryan"]
[Result "1/2-1/2"]
[WhiteTitle "FM"]
[BlackTitle "GM"]
[WhiteElo "2314"]
[BlackElo "2636"]
[WhiteFideId "1941852"]
[BlackFideId "1510045"]
[EventDate "2025.06.24"]

1. c4 e5 2. d3 b5 3. cxb5 a6 4. Nf3 axb5 5. Nxe5 Nf6 6. Qb3 Qe7 7. Nf3 Nc6 8. g3
Bb7 9. Qxb5 Qb4+ 10. Nc3 Nd4 11. Qe5+ Qe7 12. Qxd4 Bxf3 13. Rg1 Bc6 14. Bg5 Qe6
15. Bxf6 gxf6 16. Bg2 Bxg2 17. Rxg2 Bg7 18. Qe4 O-O 19. Qxe6 fxe6 20. g4 Rfb8
21. O-O-O Bf8 22. a3 d5 23. d4 Kf7 24. f4 Rb3 25. Kc2 Rab8 26. Rb1 Bxa3 27. bxa3
Rxc3+ 28. Kxc3 Rxb1 29. Rg3 Rc1+ 30. Kd2 Ra1 31. Rc3 c6 32. f5 exf5 33. gxf5 h5
34. Ke3 Ke7 35. Rxc6 Rxa3+ 36. Kf2 Rh3 37. Re6+ Kf7 38. Kg2 Rh4 39. e3 Rg4+ 40.
Kf3 Rg5 41. e4 dxe4+ 42. Kxe4 Rg4+ 43. Ke3 Rg5 44. Ke4 Rg4+ 45. Kd5 Rg5 46. Ke4 1/2-1/2

[Event "Titled Tue 24th Jun Late"]
[Site "chess.com INT"]
[Date "2025.06.24"]
[Round "2"]
[White "Andrade, Ivan"]
[Black "Haddouche, Mohamed"]
[Result "0-1"]
[WhiteTitle "FM"]
[BlackTitle "GM"]
[WhiteElo "2144"]
[BlackElo "2490"]
[WhiteFideId "14800039"]
[BlackFideId "7900660"]
[EventDate "2025.06.24"]

1. e4 e5 2. Nf3 d6 3. d4 exd4 4. Qxd4 Nf6 5. Nc3 Be7 6. Bg5 Nc6 7. Bb5 O-O 8.
Bxc6 bxc6 9. O-O-O c5 10. Qe3 Ng4 11. Qf4 Bxg5 12. Nxg5 Nxf2 13. Qxf2 Qxg5+ 14.
Kb1 Be6 15. Nd5 Rac8 16. h4 Qd8 17. Rd3 Bxd5 18. exd5 Re8 19. Rf1 Qe7 20. a3 f6
21. h5 h6 22. Rg3 Kh8 23. Rg6 Qe5 24. Qf3 Rb8 25. c3 Qe4+ 26. Qxe4 Rxe4 27. Rg3
Re5 28. Rd1 Rxh5 29. Rg4 Re5 30. Ra4 Rb7 31. Rd2 Kh7 32. Kc2 f5 33. Rf2 g5 34.
Rc4 Kg6 35. b4 Rxd5 36. a4 Rb8 37. b5 Re8 38. Kb3 Rde5 39. a5 Re4 40. Rxe4 Rxe4
41. Rd2 Kf6 42. b6 axb6 43. a6 Re8 44. Ka4 f4 45. Kb5 g4 46. Kc6 Kf5 47. Kb7 b5
48. a7 b4 49. cxb4 cxb4 50. Rb2 c5 51. Rd2 Re7+ 52. Kb8 Rxa7 53. Kxa7 Ke5 54.
Kb6 b3 55. Kb5 f3 56. gxf3 gxf3 57. Kc4 Ke4 58. Kxb3 d5 59. Kc3 d4+ 60. Kc4 Ke3
61. Rh2 f2 62. Rxh6 f1=Q+ 63. Kxc5 Qf5+ 0-1

[Event "Titled Tue 24th Jun Late"]
[Site "chess.com INT"]
[Date "2025.06.24"]
[Round "2"]
[White "Graif, William"]
[Black "Sheehan, Ethan"]
[Result "1-0"]
[WhiteTitle "FM"]
[WhiteElo "2211"]
[BlackElo "2364"]
[WhiteFideId "2609835"]
[BlackFideId "30943965"]
[EventDate "2025.06.24"]

1. e4 e5 2. Nf3 Nc6 3. d4 exd4 4. c3 d5 5. Bd3 dxc3 6. exd5 Qxd5 7. O-O Be6 8.
Nxc3 Qd7 9. Qe2 O-O-O 10. Rd1 Bd6 11. Bb5 Nge7 12. Bf4 Kb8 13. Ne4 Bd5 14. Nxd6
cxd6 15. Rac1 Rhe8 16. Qd3 Ka8 17. Nd4 Qg4 18. Bg3 Nxd4 19. Qxd4 Qxd4 20. Rxd4
Bc6 21. Bxc6 Nxc6 22. Rxd6 Rxd6 23. Bxd6 Re2 24. Ba3 a5 25. Kf1 Rd2 26. Ke1 Rd5
27. b3 Ka7 28. Rd1 Re5+ 29. Kf1 Ka6 30. Rd7 Rf5 31. Bb2 g6 32. Ke2 h5 33. a3 Rf4
34. g3 Rf5 35. f3 b6 36. g4 hxg4 37. fxg4 Rf4 38. h3 f5 39. Ke3 Re4+ 40. Kf3 Re1
41. Rd6 Kb5 42. Rxg6 Rb1 43. Bf6 Rxb3+ 44. Kf4 fxg4 45. Kxg4 Rxa3 46. h4 Ra1 47.
Bxa1 1-0

[Event "Titled Tue 24th Jun Late"]
[Site "chess.com INT"]
[Date "2025.06.24"]
[Round "2"]
[White "Leiva, Gianmarco"]
[Black "Kolimar, Kristof Pal"]
[Result "1-0"]
[WhiteTitle "IM"]
[BlackTitle "FM"]
[WhiteElo "2387"]
[BlackElo "2368"]
[WhiteFideId "3804399"]
[BlackFideId "798410"]
[EventDate "2025.06.24"]

1. e4 c5 2. Nf3 e6 3. g3 Nc6 4. Bg2 Nf6 5. Qe2 Be7 6. O-O d5 7. exd5 Nxd5 8. Rd1
Bf6 9. Nc3 O-O 10. Ne4 Be7 11. d4 cxd4 12. Nxd4 Nxd4 13. Rxd4 Qc7 14. c4 Nf6 15.
Nc3 e5 16. Nd5 Nxd5 17. Rxd5 Bf6 18. Be3 Be6 19. Rc5 Qd6 20. Bxb7 Rab8 21. Bg2
e4 22. Rb1 Bd4 23. Ra5 Qb4 24. Bd2 Qxc4 25. Qxc4 Bxc4 26. Bxe4 Rfe8 27. Bf3 Bd3
28. Rd1 Rxb2 29. Rd5 Bc2 30. Rxd4 Bxd1 31. Bxd1 Rxa2 32. Rd7 Rb2 33. Bc3 Rb1 34.
Kg2 a5 35. Bxa5 h6 36. Bc2 Rb2 37. Bd3 Rb3 38. Bc4 Ra3 39. Bxf7+ Kf8 40. Bb4+ 1-0

[Event "Titled Tue 24th Jun Late"]
[Site "chess.com INT"]
[Date "2025.06.24"]
[Round "2"]
[White "Grahn, Vidar"]
[Black "Bazan Romero, Octavio Aaron"]
[Result "1-0"]
[WhiteTitle "FM"]
[BlackTitle "FM"]
[WhiteElo "2239"]
[BlackElo "2289"]
[WhiteFideId "1744780"]
[BlackFideId "20003943"]
[EventDate "2025.06.24"]

1. b3 e5 2. Bb2 Nc6 3. c4 Nf6 4. e3 d5 5. cxd5 Nxd5 6. a3 Be7 7. Nf3 e4 8. Nd4
Nxd4 9. Bxd4 O-O 10. Nc3 c5 11. Be5 Nxc3 12. dxc3 Qa5 13. Qc2 Be6 14. Qxe4 Bxb3
15. Bd3 f5 16. Bc4+ Bxc4 17. Qxc4+ Kh8 18. O-O Rfd8 19. Qe6 Bf8 20. Qxf5 Qa4 21.
Rab1 b5 22. Qg5 Kg8 23. h4 Rd5 24. Qg3 Re8 25. Bf4 a6 26. Qf3 Rf5 27. Qc6 Re7
28. Rfd1 Ref7 29. Rd7 Qxa3 30. Rbd1 Qa2 31. Rd8 Qc2 32. Qe6 h5 33. Rxf8+ Kh7 34.
Rxf7 Qxd1+ 35. Kh2 Rxf7 36. Qxf7 Qg4 37. Bg3 b4 38. cxb4 cxb4 39. Qb3 a5 40.
Qc2+ Kh8 41. Qd1 Qc8 42. Qa4 Qc7 43. Bxc7 1-0

[Event "Titled Tue 24th Jun Late"]
[Site "chess.com INT"]
[Date "2025.06.24"]
[Round "2"]
[White "Cornelisse, Lorelei"]
[Black "Mkrtchyan, Mariam"]
[Result "0-1"]
[WhiteTitle "WFM"]
[BlackTitle "WIM"]
[WhiteElo "2138"]
[BlackElo "2307"]
[WhiteFideId "1087177"]
[BlackFideId "13310828"]
[EventDate "2025.06.24"]

1. d4 d6 2. e4 g6 3. Nc3 Bg7 4. h4 Nf6 5. h5 Nxh5 6. Rxh5 gxh5 7. Qxh5 Nc6 8.
Bc4 e6 9. Nf3 Nxd4 10. Ng5 Qf6 11. e5 Qg6 12. Qxg6 hxg6 13. Nb5 Nxb5 14. Bxb5+
c6 15. Bf1 Bxe5 16. Nf3 Bf6 17. Bf4 e5 18. Be3 Bg4 19. Nd2 Rh1 20. Ne4 Be7 21.
f3 Be6 22. O-O-O d5 23. Nf2 Rh8 24. Nd3 d4 25. Bf2 f6 26. Re1 g5 27. g3 O-O-O
28. f4 Bd6 29. fxe5 fxe5 30. Nxe5 Rde8 31. Ng6 Rhg8 32. Bd3 c5 33. b3 Bg4 34.
Rh1 Rg7 35. b4 Rf7 36. bxc5 Bxc5 37. Be1 Bf5 38. Nh8 Rf6 39. Rf1 Ref8 40. Bxf5+
Rxf5 41. Rxf5 Rxf5 42. Ng6 Kd7 43. g4 Rf1 44. Kd1 Ke6 45. Ke2 Rf6 46. Nh8 Rh6 0-1

[Event "Titled Tue 24th Jun Late"]
[Site "chess.com INT"]
[Date "2025.06.24"]
[Round "2"]
[White "Sprenar, Petr"]
[Black "Sokolovsky, Yahli"]
[Result "0-1"]
[WhiteTitle "FM"]
[BlackTitle "GM"]
[WhiteElo "2318"]
[BlackElo "2542"]
[WhiteFideId "397164"]
[BlackFideId "2820242"]
[EventDate "2025.06.24"]

1. d4 d6 2. g3 g6 3. Bg2 Bg7 4. Nf3 Nf6 5. O-O O-O 6. a4 Bd7 7. Nc3 d5 8. Ne5 c6
9. e4 dxe4 10. Nxe4 Nxe4 11. Bxe4 Bh3 12. Re1 Nd7 13. Nxd7 Qxd7 14. c3 e5 15.
dxe5 Qxd1 16. Rxd1 Bxe5 17. Be3 Rfe8 18. Bg2 Bg4 19. Rd2 h5 20. h3 Bf5 21. Bd4
Bxd4 22. Rxd4 Re2 23. b4 Rc2 24. c4 Re8 25. b5 c5 26. Rf4 b6 27. a5 Be6 28. axb6
axb6 29. Bf1 Rd8 30. g4 hxg4 31. hxg4 g5 32. Re4 Rdd2 33. Re5 Rxf2 34. Rxg5+ Kf8
35. Ra8+ Ke7 36. Rgg8 Rf3 37. g5 Rc1 38. Rge8+ Kd6 39. Rad8+ Ke5 40. Rd5+ Kf4
41. Rxe6 Rcxf1+ 0-1

[Event "Titled Tue 24th Jun Late"]
[Site "chess.com INT"]
[Date "2025.06.24"]
[Round "2"]
[White "Miserendino, Alfredo"]
[Black "Ernst, Luca"]
[Result "0-1"]
[BlackTitle "FM"]
[WhiteElo "2032"]
[BlackElo "2215"]
[WhiteFideId "101800"]
[BlackFideId "45117055"]
[EventDate "2025.06.24"]

1. e4 g6 2. d4 Bg7 3. Nf3 d6 4. Nc3 Bg4 5. Be2 Nc6 6. Be3 e5 7. dxe5 Nxe5 8.
Nxe5 Bxe2 9. Qxe2 Bxe5 10. O-O Ne7 11. Bh6 Qd7 12. a4 O-O-O 13. a5 Bxc3 14. bxc3
Rhe8 15. Bg5 Qc6 16. Bf6 d5 17. e5 Rd7 18. Qd3 Ng8 19. Qf3 Nxf6 20. exf6 Re6 21.
a6 b6 22. Rfe1 Rxf6 23. Re8+ Rd8 24. Rxd8+ Kxd8 25. Qh3 h5 26. Re1 Re6 27. Qh4+
Ke8 28. Rxe6+ Qxe6 29. Qa4+ c6 30. Qa1 Qe5 31. h3 h4 32. Qb1 Qxc3 33. Qd1 Kf8
34. Qe2 Kg7 35. Qe7 Qa1+ 36. Kh2 Qxa6 37. Qe5+ Kh7 38. Qf6 Qb7 39. Qxh4+ Kg8 40.
Qd8+ Kg7 41. Qh4 c5 42. Qf4 Qe7 43. g3 a5 44. h4 Qf6 45. Qd2 a4 46. Qxd5 a3 0-1

[Event "Titled Tue 24th Jun Late"]
[Site "chess.com INT"]
[Date "2025.06.24"]
[Round "2"]
[White "Chakrabarti, Brejesh"]
[Black "Arias Igual, Alejandro"]
[Result "1-0"]
[WhiteTitle "FM"]
[BlackTitle "FM"]
[WhiteElo "2282"]
[BlackElo "2242"]
[WhiteFideId "30969280"]
[BlackFideId "2254905"]
[EventDate "2025.06.24"]

1. c4 e6 2. g3 d5 3. Bg2 Nf6 4. Nf3 c5 5. O-O d4 6. e3 Nc6 7. exd4 cxd4 8. d3
Be7 9. Bg5 O-O 10. Nbd2 Nd7 11. Bxe7 Qxe7 12. a3 a5 13. Re1 Qd6 14. Qc2 Nc5 15.
Ne4 Nxe4 16. Rxe4 e5 17. Rae1 f6 18. R4e2 Bf5 19. Nd2 Qd7 20. c5 Rae8 21. Nc4
Bg4 22. f3 Be6 23. Nd6 Rd8 24. f4 Bg4 25. Qb3+ Kh8 26. Rf2 Rb8 27. fxe5 Nxe5 28.
Rxe5 fxe5 29. Nf7+ Rxf7 30. Qxf7 h6 31. Qxd7 Bxd7 32. Rf7 Bc6 33. b4 axb4 34.
axb4 Ra8 35. Rxb7 Bxb7 36. Bxb7 Ra1+ 37. Kf2 Rc1 38. c6 Kg8 39. b5 Rc2+ 40. Kf3
Kf7 41. b6 Ke7 42. c7 Kd7 43. c8=Q+ Rxc8 44. Bxc8+ Kxc8 45. Ke4 Kb7 46. Kxe5
Kxb6 47. Kxd4 Kc6 48. Ke5 Kd7 49. Kf5 Kd6 50. Kg6 Ke5 51. Kxg7 Kd4 52. Kxh6 Kxd3
53. g4 Ke4 54. g5 Ke5 55. g6 1-0

[Event "Titled Tue 24th Jun Late"]
[Site "chess.com INT"]
[Date "2025.06.24"]
[Round "2"]
[White "Barwinska, Ewa"]
[Black "Donoso Aguirre, Maximiliano"]
[Result "1-0"]
[WhiteTitle "WFM"]
[BlackTitle "CM"]
[WhiteElo "2014"]
[BlackElo "2050"]
[WhiteFideId "21833761"]
[BlackFideId "3458920"]
[EventDate "2025.06.24"]

1. e4 e5 2. Nf3 Nc6 3. Bb5 a6 4. Ba4 Nf6 5. O-O Be7 6. Re1 b5 7. Bb3 d6 8. c3
O-O 9. h3 h6 10. d4 Re8 11. Nbd2 Bf8 12. a4 Bd7 13. axb5 axb5 14. Rxa8 Qxa8 15.
Qe2 Na5 16. Bc2 c5 17. d5 c4 18. Nf1 Nb7 19. Be3 Rc8 20. Ng3 Qa2 21. Bb1 Qa8 22.
Nh4 Nc5 23. Nhf5 Bxf5 24. Bxc5 Bxh3 25. Bxd6 Bg4 26. f3 Bxf3 27. Qxf3 Bxd6 28.
Nf5 Bc5+ 29. Kh1 Qa6 30. Rf1 Ne8 31. Qg4 Rd8 32. Qg3 Qf6 33. Rf3 Bd6 34. Bc2 Qg6
35. Qh3 Qg5 36. Kh2 Bf8 37. Rg3 Qf6 38. Nxh6+ Kh7 39. Nxf7+ Kg8 40. Nh6+ Kh7 41.
Ng4+ 1-0

[Event "Titled Tue 24th Jun Late"]
[Site "chess.com INT"]
[Date "2025.06.24"]
[Round "2"]
[White "Steinberg, Nitzan"]
[Black "Shearsby, Jude"]
[Result "1-0"]
[WhiteTitle "GM"]
[BlackTitle "CM"]
[WhiteElo "2554"]
[BlackElo "2160"]
[WhiteFideId "2801795"]
[BlackFideId "462527"]
[EventDate "2025.06.24"]

1. d4 g6 2. e4 Bg7 3. Nc3 d6 4. Nf3 a6 5. Be3 b5 6. a4 b4 7. Nb1 Bb7 8. Bd3 c5
9. c3 Nd7 10. Nbd2 Ngf6 11. h3 O-O 12. a5 e5 13. d5 bxc3 14. bxc3 Nh5 15. O-O
Nf4 16. Bc4 Nf6 17. Re1 N6h5 18. Bf1 Bc8 19. Kh2 f5 20. g3 Nxh3 21. exf5 gxf5
22. Bxh3 f4 23. Bxc8 Rxc8 24. Ne4 fxe3 25. Rxe3 Nf6 26. Nfg5 Nxe4 27. Nxe4 Qd7
28. Kg2 Rf5 29. Rf3 Rcf8 30. Rxf5 Qxf5 31. Qe2 Qg6 32. Re1 Qf7 33. Qxa6 Qxd5 34.
Qxd6 Qa2 35. a6 c4 36. Qe6+ Kh8 37. Re3 Ra8 38. Nc5 Rf8 39. Rf3 Qa5 40. Rxf8+
Bxf8 41. Qxe5+ Bg7 42. Qb8+ Qd8 43. Qxd8+ 1-0

[Event "Titled Tue 24th Jun Late"]
[Site "chess.com INT"]
[Date "2025.06.24"]
[Round "2"]
[White "Khouri, Ahmed Abbas"]
[Black "Eswaran, Ashritha"]
[Result "1-0"]
[WhiteTitle "FM"]
[BlackTitle "FM"]
[WhiteElo "1978"]
[BlackElo "2236"]
[WhiteFideId "9301518"]
[BlackFideId "2080788"]
[EventDate "2025.06.24"]

1. e4 e5 2. Nf3 f5 3. d4 fxe4 4. Nxe5 Nf6 5. c4 d5 6. cxd5 Bb4+ 7. Bd2 Bxd2+ 8.
Qxd2 Nxd5 9. Bc4 O-O 10. O-O c6 11. Nc3 Bf5 12. Rfe1 Kh8 13. Nxe4 Nd7 14. Ng5
Qf6 15. Ne4 Qd8 16. Nd6 Nxe5 17. dxe5 Qd7 18. Bxd5 cxd5 19. Qxd5 Be6 20. Qxb7
Qa4 21. Qe7 Qg4 22. Re3 Qf4 23. Rf1 Bd5 24. Rg3 Qh6 25. Rh3 Qg6 26. Rg3 Qh6 27.
Re1 Rab8 28. e6 Qf6 29. Nf7+ Rxf7 30. Qxf7 Qxf7 31. exf7 Bxf7 32. h4 Rxb2 33.
Re7 Kg8 34. Rxa7 Rxa2 35. Rxa2 Bxa2 36. Ra3 Be6 37. Ra7 h5 38. f3 Kh7 39. Kf2
Kg6 40. Ke3 Kf5 41. Ra5+ Kf6 42. Rxh5 g6 43. Ra5 Bf5 44. Kf4 Be6 45. Ra6 Ke7 46.
g4 Bf7 47. Ke5 Bc4 48. Ra7+ Kf8 49. Kf6 Bd5 50. Rd7 Bc6 51. Rd8+ Be8 52. Rc8 Kg8
53. Rxe8+ Kh7 54. Re5 g5 55. Rxg5 Kh6 56. f4 Kh7 57. Rg6 Kh8 58. Kf7 Kh7 59. Rf6
Kh8 60. Rh6# 1-0

[Event "Titled Tue 24th Jun Late"]
[Site "chess.com INT"]
[Date "2025.06.24"]
[Round "2"]
[White "Askarov, Bakhtiyar"]
[Black "Ochedzan, Filip"]
[Result "1-0"]
[WhiteTitle "IM"]
[BlackTitle "CM"]
[WhiteElo "2297"]
[BlackElo "1983"]
[WhiteFideId "13701100"]
[BlackFideId "21892610"]
[EventDate "2025.06.24"]

1. d4 d5 2. Nf3 Nf6 3. Bf4 c5 4. e3 Nc6 5. Nbd2 e6 6. c3 Bd6 7. Bg3 O-O 8. Bb5
a6 9. Bxc6 bxc6 10. Qa4 Qc7 11. Bxd6 Qxd6 12. Qa3 Nd7 13. Nb3 Rb8 14. Nxc5 Nxc5
15. dxc5 Qe7 16. b4 e5 17. O-O Bg4 18. Nd2 Qg5 19. Kh1 Ra8 20. Qa4 Qg6 21. f3
Bf5 22. Qd1 Bd3 23. Re1 f5 24. f4 Be4 25. Qe2 exf4 26. exf4 Rfe8 27. Qf2 Qf6 28.
Qd4 Qg6 29. Re2 a5 30. a4 Qg4 31. Rf2 Reb8 32. Nb3 axb4 33. cxb4 Re8 34. a5 h5
35. Kg1 h4 36. Qc3 h3 37. Qxh3 Qxh3 38. gxh3 Reb8 39. Ra4 Ra6 40. Nd4 Kf7 41.
Rb2 Ke7 42. b5 cxb5 43. Rxb5 Rxb5 44. Nxb5 Kd7 45. Nd4 Bd3 46. Kf2 g6 47. Ra3
Bc4 48. Kg3 Ra8 49. Kh4 Ke7 50. Kg5 Kf7 51. Nc6 Rh8 52. Ne5+ Ke6 53. a6 1-0

[Event "Titled Tue 24th Jun Late"]
[Site "chess.com INT"]
[Date "2025.06.24"]
[Round "2"]
[White "Yevchenko, Oleksandr"]
[Black "Reprintsev, Alexander"]
[Result "0-1"]
[WhiteTitle "CM"]
[BlackTitle "IM"]
[WhiteElo "2276"]
[BlackElo "2256"]
[WhiteFideId "14108267"]
[BlackFideId "14100541"]
[EventDate "2025.06.24"]

1. c4 e5 2. Nc3 Nf6 3. g3 Bb4 4. Bg2 O-O 5. Qb3 a5 6. a3 Bc5 7. e3 Re8 8. Nge2
Nc6 9. d3 d6 10. Bd2 Bd7 11. O-O Rb8 12. Nd5 Nxd5 13. cxd5 a4 14. Qc2 Ne7 15.
Bc3 Bb6 16. d4 f6 17. dxe5 fxe5 18. e4 Rf8 19. Nc1 Qc8 20. Nd3 Bh3 21. Qe2 c6
22. dxc6 Nxc6 23. Qh5 Bxg2 24. Kxg2 Bd4 25. Rac1 Qe6 26. f4 exf4 27. Nxf4 Qxe4+
28. Qf3 Qxf3+ 29. Rxf3 Bxc3 30. Rfxc3 Rf5 31. Rc4 Rb5 32. R1c2 Ra8 33. Ne6 d5
34. Rf4 Rb3 35. Nc7 Rd8 36. Rcf2 h6 37. Ne6 Re8 38. Rf8+ Rxf8 39. Nxf8 d4 40.
Ne6 d3 41. Rd2 Ne5 42. Nf4 g5 43. Nd5 Nc4 44. Rf2 Rxb2 45. Rxb2 Nxb2 46. Nc3 d2 0-1

[Event "Titled Tue 24th Jun Late"]
[Site "chess.com INT"]
[Date "2025.06.24"]
[Round "2"]
[White "Tatarinov, Dmitry"]
[Black "Yushko, Olga"]
[Result "1-0"]
[WhiteTitle "FM"]
[BlackTitle "WFM"]
[WhiteElo "2318"]
[BlackElo "2033"]
[WhiteFideId "24160067"]
[BlackFideId "14114500"]
[EventDate "2025.06.24"]

1. e4 Nf6 2. e5 Nd5 3. d4 d6 4. exd6 exd6 5. c4 Nb6 6. Be3 Be7 7. h4 Bf5 8. Nc3
Nc6 9. g4 Bd7 10. g5 Bf5 11. b3 d5 12. c5 Nc8 13. Bg2 Nb4 14. Kf1 c6 15. Nge2
Nc2 16. Rc1 Nxe3+ 17. fxe3 Bg4 18. Qe1 O-O 19. Nf4 Re8 20. Qg3 Bf5 21. Kg1 b6
22. b4 a5 23. b5 cxb5 24. c6 Nd6 25. Ncxd5 Ne4 26. Qf3 Ba3 27. c7 Qd6 28. Kh2
Bxc1 29. Rxc1 Nd2 30. Qg3 Nc4 31. a4 Qa3 32. Rc3 Qxa4 33. h5 Nd2 34. Nxb6 Ne4
35. Bxe4 Qb4 36. Nxa8 Bxe4 37. c8=Q Qe7 38. Qxe8+ Qxe8 39. Rc5 Bxa8 40. h6 Bb7
41. hxg7 Kxg7 42. Nh5+ Kg8 43. Nf6+ Kf8 44. Nxe8 Kxe8 45. Qe5+ Kf8 46. Rc7 Bc8
47. Qe7+ Kg7 48. Qxf7+ Kh8 49. Qg7# 1-0